Регионална библиотека "Любен Каравелов" - Русе

Наръчник по телекомуникации (Запис номер 31625)

MARC детайли
000 -Лидер
Контролно поле с фиксирана дължина 01440nam a2200337 c 4500
003 - Код на организацията, давaща контролен номер
Контролно поле BLK
005 - Дата и час на последна редакция
Контролно поле 20180420220457.0
008 - Елементи от данни с фиксирана дължина
fixed length control field 180407b bul|||||r ||||||| ||bul||
010 ## - Наследен системен номер
LC control number KNG00034282000
020 ## - Международен стандартен номер на книга ISBN
Международен стандартен номер на книга ISBN 954-8485-94-Х
-- издат.: ИнфоДАР
040 ## - Източник на каталожния запис
Идентификатор на билиотеката - собственик на записа BLK
041 ## - Код за език
Код за езика на текст/звукозапис или на отделно заглавие Български
Код за езика КДБФ Български
080 ## - УДК
Текстов определител УДК Съобщителна техника. Вж и 621.3.09. Организация и експлоатация на съобщенията вж 654
УДК код - определител по УДК 621.39
УДК определител (035)
УДК - код + определител 621.39(035)
100 1# - Редна дума - Автор
Автор Дод, Анабел
Авторска отговорност първи автор
R(LIN) 271673
139 ## - Редно поле
Редна дума Дод, Анабел
Авторски знак Дод - Д 70
245 10 - Сведения за заглавието
Заглавие Наръчник по телекомуникации
Редно поле (дума) Анабел Дод; прев. Елица Момчилова.
257 ## - Страна на издаване
Страна на създаване/издаване Съединени американски щати
260 ## - Област на издателските данни
-- София
Име на издателя, разпространителя и проч. ИнфоДАР
Година на издаване 1999
Печатница София : Симолини
300 ## - Физическа характеристика
Страници 451 с.
Илюстрации и др. с ил.
Размери/Мащаб 23 см
380 ## - Жанр
Жанр Техника
500 ## - Общи забележки
Забележка Ориг. загл. The essentia guide to telecommunications / Anabel Z. Dodd. - Други прев. : И. Николова, С. Алексиев. - Съдържа и За автора ; Речник.
650 #4 - Допълнително описание по предмет – тема
Основно описание – тема или топоним Телекомуникации
9 (RLIN) 173397
653 ## - Ключова дума – ненормативна
Ключова дума телекомуникации
653 ## - Ключова дума – ненормативна
Ключова дума наръчници
700 1# - Други автори (авторска отговорност)
Лично име Момчилова, Елица
Автороска отговорност (Описва отношението между автора и произведението) прев.
9 (RLIN) 271475
852 ## - Местоположение
Форматна сигнатура Цб 206548
856 4# - Електронен адрес и достъп
Електронен формат pdf - файл
Път до файла /url/
856 4# - Електронен адрес и достъп
Електронен формат pdf - файл
Път до файла /url/
942 ## - АРТИКУЛИ
Вид на библиотечния материал Книги
Скрит в OPAC Не
944 ## - СЪЗДАВАНЕ И РЕДАКЦИЯ на ЗАПИСА
Създаване/Редакция Създаване
Дата на регистрацията/редакция 15.01.2003
Служител, извършил регистрацията/редакцията Кети_Илиева
944 ## - СЪЗДАВАНЕ И РЕДАКЦИЯ на ЗАПИСА
Създаване/Редакция Редакция
Дата на регистрацията/редакция 13.02.2013
Служител, извършил регистрацията/редакцията
999 ## - СИСТЕМНИ КОНТРОЛНИ НОМЕРА
Koha biblionumber 31625
Koha biblioitemnumber 31625
Наличности
Код за отписване Код за изгубен артикул Източник на класификационната схема Код за повреда Коз за рестрикции Код за отдаване Артикулен № Име на библиотеката - собственик Име на библиотеката, в която се намира в момента Статус (Текущо местоположение) Дата на вписване в системата Местоположение - отдел Цена в лева Инвентарен номер Систематично азбучна сигнатура Баркод Номер на екземпляра Цена в евро Служебна бележка Служебен тип на артикула
  Не е изгубен Universal Decimal Classification Не е повреден без рестрикции ползва се в читалня 50350 Регионална библиотека "Любен Каравелов" Русе Регионална библиотека "Любен Каравелов" Русе Читалня 2001-01-01 Читалня 14.00 660258 Ч 621.39/Д 70 120000660258 1 7.16 Дост: Pk Вид: Ф N: стар фонд Дата: 01.01.2001 Дата инв: 24.03.2017 Бележки инв: Ч2017 Книги
  Не е изгубен   Не е повреден без рестрикции ползва се в читалня 50351 Регионална библиотека "Любен Каравелов" Русе Регионална библиотека "Любен Каравелов" Русе Хранилище 2005-01-17 Хранилище 14.00 120000691084 Цб 206548 120000691084 2 7.16 Дост: Dp Вид: Д N: 11 Дата: 02.03.2004 Книги
Vip Innovations Ltd, Rousse, Bulgaria 2025